000 00889nam a2200265 a 4500
001 BRL_552
005 20190320210810.0
008 020913s1984----ag-#######---#000-0#spa-#
020 _a950250514X
041 _aspa
044 _aag
050 4 _aDC60.5
_b.C76 1984
245 1 0 _aCronistas medievales franceses
_bVillehardouin, Joinville y otros
_cEstudio preliminar, notas y selección: Margarita B. Pontieri ; traducción de Laura Mahler.
260 _aMéxico
_bCentro Editor de América Latina
_c1984
300 _avii, 120 p.
_c16 cm.
440 0 _aBiblioteca Básica Universal
_v298
_924273
500 _aAu574
650 1 4 _aEdad Media
_924274
651 4 _aFrancia
_xHistoriadores
_924275
651 4 _aFrancia
_xHistoria
_yPeriodo medieval, 987-1515
_924276
700 1 _aPontieri, Margarita B.
_924277
700 1 _aMahler, Laura
_etr.
_924278
902 _aGRL
942 _2lcc
_cB
999 _c9364
_d9364